| 000 | 00411nam a2200145Ia 4500 | ||
|---|---|---|---|
| 003 | GCL | ||
| 008 | 140319s9999 xx 000 0 eng d | ||
| 040 |
_aGCL / _cGCL |
||
| 082 | 0 | 4 |
_aM _bCAIRO _b2500 |
| 100 | 1 | _aM.LINANT DE BELLEFONDOS | |
| 245 | 1 | 0 |
_aDE LA HAUTE EGYPTE ECHELLE 2500 / _cM.LINANT DE BELLEFONDOS |
| 260 |
_a[S.N] : _bDIRECTEUR GENERAL DES TRAVAUX ، _c1866 |
||
| 650 | 0 | 4 | _aCAIRO |
| 942 |
_2ddc _cMP |
||
| 999 |
_c25774 _d25774 |
||